00551 a2200157 4500010001400000020002300014035001300037037001800050082001300068100002300081245006700104260003400171270010100205300003800306500004900344 aENG-85955 a8187671521c295.00 aEN-69488 bD.B.Act / Pub14a791.43751 aMuir, John Kenneth1 aMercy in her eyescby John Kenneth Muirbthe film of Mira Nair aChennaibWestland Booksc2007 a571, Poonamallee High Road, Kamraj Bhavan, AminjikaraibChennaie600 002mewb@airtelbroadband.in aix, 290 p.b21 cm. (Pbk.)cphotos aIncludes bibliographical refrences and index